000 00456nam a22001697a 4500
003 NUST - PNEC
005 20170116181010.0
008 150912b xxu||||| |||| 00| 0 eng d
020 _a-
040 _cLIBRARY
082 _a005.133 ASH
100 _910111
_aAshton-tate
245 _adBase III Plus : the data management standard
_cAshton-Tate
260 _c-
650 _916801
_aComputer Program Language
_xMIS - Computer Science
942 _2ddc
_cBK
999 _c67074
_d67074